000 00471nam a22001817a 4500
999 _c7520
_d7520
003 GBCCL
005 20241126110630.0
008 180820b ||||| |||| 00| 0 eng d
040 _cgbc
082 _aVER 610.3
_bWER
100 _aWerner, David
_913293
245 _aDoctor omlouhna ah :
_bki etkolna laibu zattangjaang/
250 _a2nd ed.
260 _cChurachandpur:
_aLam Guite,
_b2011
300 _a360p. ;
650 _aHome remedies
_913294
942 _2ddc
_cBK
_01